01175nam a2200313 a 4500001001200000003000800012006001900020007001500039008004100054010001700095020001800112020002700130040002100157035002100178050002300199100002500222245007700247250001200324260003100336300002400367504005100391505006200442533015200504650001600656655002900672710001700701856012600718999001700844ebr10253615CaPaEBRm u cr cn|||||||||090127s2008 gw a sb 001 0 eng d z 2007941500 z9783540773634 z9783540773641 (e-ISBN) aCaPaEBRcCaPaEBR a(OCoLC)26242582314aQD516b.O67 2008eb1 aOppenheim, Antoni K.10aDynamics of combustion systemsh[electronic resource] /cA.K. Oppenheim. a2nd ed. aBerlin :bSpringer,c2008. axxi, 368 p. :bill. aIncludes bibliographical references and index.0 apt. 1. Exothermicity -- pt. 2. Field -- pt. 3. Explosion. aElectronic reproduction.bPalo Alto, Calif. :cebrary,d2013.nAvailable via World Wide Web.nAccess may be limited to ebrary affiliated libraries. 0aCombustion. 7aElectronic books.2local2 aebrary, Inc.40uhttp://site.ebrary.com/lib/rucke/Doc?id=10253615zAn electronic book accessible through the World Wide Web; click to view c31992d31992